00704nam a2200205Ia 4500001001000000003000500010008004100015010001100056040000900067082001600076100002000092245008700112260006400199300001000263440003600273650011300309700002000422700001700442710003900459Para_2509CHAP220125s1989 xx 000 0 und d a201024 cCHAP aPA 634.3 W5 aWhiteside, J.O. aCompendium of citrus diseases /c by J.O. Whiteside, S.M. Garnsey and L.W. Timmer aSt. Paul, Minnesota :b American Phytopathological Society a80 p. aThe diseases. compendium series aCítricos x Enfermedades Cítricos x Enfermedades por nemátodos Cítricos x Enfermedades por virus aGarnsey, S.M.  aTimmer, L.W. aAmerican Phytopathological Society